Regenerace chromovacích lázní ozónem

Bibliographic Details
Main Author: Kubala, František (Author)
Format: Article
Language:Czech

MARC

LEADER 00000nab a2200000uu 4500
001 vtls011463007
003 SK-MaSNL
005 20260303160006.0
008 230222|1966 xo |||||||||||||||||cze|
015 |a SNBRB 
035 |a (urnnbn)urn:nbn:sk:snk:ar-a0apfa 
035 |a (uuid)9b1b491e-6b44-42a9-980a-051a4c6cbfdb 
035 |a urn:nbn:sk:snk-abcwbq 
040 |a SNKBUCL  |b slo  |c SNKBUCL  |e AACR2 
041 0 |a cze 
044 |a xo  |c SK 
100 1 |a Kubala, František  |4 aut  |9 523909 
245 1 0 |a Regenerace chromovacích lázní ozónem  |c František Kubala 
773 0 |t Technická práca : časopis Ústřední rady Čs. vědecko-technické společnosti  |g Roč. 18, č. 1 (1966), s. 34-35 
958 |a OND 
958 |a EUIPO 
958 |a article16 
999 |c 2043749  |d 2045679